000 01139nam0a22002771 4500
001 rc\3249640
005 20250806202833.0
035 _a(NLR Aleph) 007380558
090 _a66516
_c66516
100 _a20130115d1942 u y0rusy50 ca
101 0 _arus
102 _aRU
105 _aa z |||||
200 1 _aНитроцементация режущего инструмента из быстрорежущих сталей и их заменителей
_fПод ред. гл. металлурга НКТМ Н.А. Шамина
_gНар. ком. тяж. машиностроения СССР. Техн. отд.
210 _aМосква
_aЛенинград
_cМашгиз
_d1942
_eМосква
215 _a36 с.
_cил.
_d22
700 1 _aЧириков
_bВ.Т.
_gВасилий Тихонович
701 1 _aЯхонин
_bН.А.
_gНиколай Александрович
702 1 _aШамин
_bН.А.
_4340
801 0 _aRU
_bNLR
_gpsbo
801 1 _aRU
_bELAR
_2rusmarc
852 _aNLR
_jТ36 Г-6/688
942 _cBOOK
945 _aРоссийская национальная библиотека
980 _aNB
980 _aBV